Ryde International plc v London Regional Transport (Record no. 72228)

MARC details
000 -LEADER
fixed length control field 02037cam a2200289 4500
001 - CONTROL NUMBER
control field ABS66420
008 - FIXED-LENGTH DATA ELEMENTS--GENERAL INFORMATION
fixed length control field 030305n2003 000 0 eng u
035 ## - SYSTEM CONTROL NUMBER
System control number (Sirsi) u121525
245 ## - TITLE STATEMENT
Title Ryde International plc v London Regional Transport
260 ## - PUBLICATION, DISTRIBUTION, ETC.
Date of publication, distribution, etc. 2003
490 ## - SERIES STATEMENT
Series statement Rating and Valuation Reporter
Volume/sequential designation [2003] RVR 49-60(12)
520 ## - SUMMARY, ETC.
Summary, etc. LT 4 December 2002. The claimant company (R) sought compensation for the freehold interest in a block of flats and five bungalows. The property had been constructed by R as sheltered accommodation in 1988. In 1989 the units were offered in the open market but no sales were finalised and lettings were made on short term tenancies. In 1991 the acquiring authority's scheme made evident that the property would be compulsorily purchased. It was agreed that without the scheme, the development would have been sold by 25 March 1993 and any holding costs would be calculated from that date. Possession was taken on 8 August 1997 which was the valuation date for compensation purposes. "Held, the acquiring authority must make an interim payment of compensation to R under the Land Compensation Act 1961 s5-rule-2 in the sum of £2 060 000 and the loss of profits element as an item of disturbance under rule-6 to be deferred for further submissions. (For preliminary LT decision see Abs63843). View judgment at www.courtservice.gov.uk.
590 ## - LOCAL NOTE (RLIN)
Local note ABS
650 ## - SUBJECT ADDED ENTRY--TOPICAL TERM
Topical term or geographic name entry element RYDE INTERNATIONAL PLC V LONDON REGIONAL TRANSPORT
650 ## - SUBJECT ADDED ENTRY--TOPICAL TERM
Topical term or geographic name entry element SHELTERED HOUSING
650 ## - SUBJECT ADDED ENTRY--TOPICAL TERM
Topical term or geographic name entry element REPAIR COSTS
650 ## - SUBJECT ADDED ENTRY--TOPICAL TERM
Topical term or geographic name entry element REFURBISHMENT COSTS
650 ## - SUBJECT ADDED ENTRY--TOPICAL TERM
Topical term or geographic name entry element HOLDING COSTS
650 ## - SUBJECT ADDED ENTRY--TOPICAL TERM
Topical term or geographic name entry element MANAGEMENT COSTS
650 ## - SUBJECT ADDED ENTRY--TOPICAL TERM
Topical term or geographic name entry element OPEN MARKET VALUE
650 ## - SUBJECT ADDED ENTRY--TOPICAL TERM
Topical term or geographic name entry element BLIGHT
650 ## - SUBJECT ADDED ENTRY--TOPICAL TERM
Topical term or geographic name entry element LAND COMPENSATION ACT 1961 S5-RULE-2
650 ## - SUBJECT ADDED ENTRY--TOPICAL TERM
Topical term or geographic name entry element LAND COMPENSATION ACT 1961 S5-RULE-6
690 ## - LOCAL SUBJECT ADDED ENTRY--TOPICAL TERM (OCLC, RLIN)
Topical term or geographic name as entry element ENVIRONMENTAL AND LAND CONSULTANCY-PLANNING AND DEVELOPMENT-COMPULSORY PURCHASE AND COMPENSATION
856 ## - ELECTRONIC LOCATION AND ACCESS
Uniform Resource Identifier <a href="https://www.landstribunal.gov.uk/judgmentfiles/j38/ACQ-147-2000.pdf">https://www.landstribunal.gov.uk/judgmentfiles/j38/ACQ-147-2000.pdf</a>
Public note View this item at www.landstribunal.gov.uk
942 ## - ADDED ENTRY ELEMENTS (KOHA)
Suppress in OPAC 0
Holdings
Withdrawn status Lost status Source of classification or shelving scheme Damaged status Not for loan Home library Current library Shelving location Date acquired Total Checkouts Full call number Barcode Date last seen Copy number Price effective from Koha item type
    Dewey Decimal Classification     Virtual Virtual Online 05/03/2003   ABS66420 121525-2001 06/08/2019 1 06/08/2019 Law report